The drug-like Bronte dream /

Bibliographic Details
Main Author: Lane, Margaret, 1907-1994
Format: Book
Language:English
Published: London : Murray, 1980.
Subjects:

MARC

Tag First Indicator Second Indicator Subfields
LEADER 00000cam a2200000 a 4500
001 in00000084871
005 20151008054413.0
008 810306s1980 enka 00010cengm
010 |a  80146915  
015 |a GB*** 
020 |a 0719537681 :  |c 6.50 
035 |a (OCoLC)07056430 
035 |9 AAJ0554AM 
040 |a DLC  |c DLC  |d m.c.  |d TXA  |d UtOrBLW 
043 |a e-uk-en 
049 |a TXAM  |c [387444] 
050 0 0 |a PR4168  |b .L28 
082 0 |a 823/.8/09  |a B  |2 19 
100 1 |a Lane, Margaret,  |d 1907-1994. 
245 1 4 |a The drug-like Bronte dream /  |c Margaret Lane ; illustrated by Joan Hassall. 
264 1 |a London :  |b Murray,  |c 1980. 
300 |a 100 pages :  |b illustrations ;  |c 23 cm. 
336 |a text  |b txt  |2 rdacontent 
337 |a unmediated  |b n  |2 rdamedia 
338 |a volume  |b nc  |2 rdacarrier 
600 3 0 |a Brontë family. 
650 0 |a Novelists, English  |y 19th century  |v Biography. 
999 |a MARS 
999 f f |s 9227ce70-714c-3891-9110-07ae8bb953d2  |i 5cb4163a-a763-3986-bbeb-d2769404f636  |t 0 
952 f f |p normal  |a Texas A&M University  |b College Station  |c Sterling C. Evans Library  |s Evans stk  |d Evans: Library Stacks  |t 0  |e PR4168 .L28  |h Library of Congress classification  |i unmediated -- volume  |m A14806184736 
998 f f |a PR4168 .L28  |t 0  |l Evans: Library Stacks